000 00616nam a2200229 a 4500
001 BRCA_8699
003 FranzMayer
005 20230724143834.0
008 230117s--------sp-#######---#000-0#lat-#
040 _cMFM
041 _alat.
044 _asp.
084 _aBE42
_b.V55
100 1 _aVinnii, Arnoldi
_d1588 - 1657
_921675
245 1 0 _aInstitutionum imperialum
260 _aValencia
_bin oficina Iosephi et Thomae de Orga
_cs/a
300 _a[4] 336 p. (t.4)
_c20 x 15 cm.
500 _aEstado físico: Aparición del pez de plata
650 1 4 _aDerecho romano
_921676
902 _aCFM
942 _2lcc
_cB
999 _c8352
_d8352